| 000 -LEADER |
| fixed length control field |
01404 a2200265 4500 |
| 003 - CONTROL NUMBER IDENTIFIER |
| control field |
Nust |
| 005 - DATE AND TIME OF LATEST TRANSACTION |
| control field |
20170207152505.0 |
| 010 ## - LIBRARY OF CONGRESS CONTROL NUMBER |
| LC control number |
2006280337 |
| 020 ## - INTERNATIONAL STANDARD BOOK NUMBER |
| International Standard Book Number |
0471760951 (hbk.) |
| 035 ## - SYSTEM CONTROL NUMBER |
| System control number |
(CStRLIN)PAUGV3952689-B |
| 035 ## - SYSTEM CONTROL NUMBER |
| System control number |
(PU)3952689 |
| 040 ## - CATALOGING SOURCE |
| Transcribing agency |
Nust |
| 082 04 - DEWEY DECIMAL CLASSIFICATION NUMBER |
| Classification number |
621.3192 |
| 100 1# - MAIN ENTRY--PERSONAL NAME |
| Personal name |
Thomas, Roland E., |
| 245 14 - TITLE STATEMENT |
| Title |
The analysis and design of linear circuits / |
| Statement of responsibility, etc. |
Roland E. Thomas, Albert J. Rosa. |
| 250 ## - EDITION STATEMENT |
| Edition statement |
5th ed. |
| 260 ## - PUBLICATION, DISTRIBUTION, ETC. |
| Place of publication, distribution, etc. |
New York ; |
| -- |
Chichester : |
| Name of publisher, distributor, etc. |
Wiley,. |
| Date of publication, distribution, etc. |
c2006. |
| 300 ## - PHYSICAL DESCRIPTION |
| Extent |
963p,. (various pagings) : |
| Other physical details |
ill. ; |
| Dimensions |
26 cm. |
| 505 ## - FORMATTED CONTENTS NOTE |
| Formatted contents note |
Introduction Page 2, Basic Circuit Analysis Page 22, Circuit Theorems Page 84, Active Circuits Page 134, General Circuits Analysis Page 208, Dynamic Circuits Page 284, Capacitance And Inductance Page 338.First And Second Order Circuits Page 396, Laplace Transforms Page 468, S-Domain Circuit Analysis Page 526, Network Functions Page 578, Frequency Response Page 646, Sinusoidal Steady State Response Page 720.Power In Sinusoidal Steady State Page 788, Filter Design Page 840, Fourier Transforms Page 900. |
| 538 ## - SYSTEM DETAILS NOTE |
| System details note |
Almirah No.24 and Shelf No .3 |
| 650 #0 - SUBJECT ADDED ENTRY--TOPICAL TERM |
| Topical term or geographic name entry element |
Telecommunication Engineering. |
| 700 1# - ADDED ENTRY--PERSONAL NAME |
| Personal name |
Rosa, Albert J., |
| Dates associated with a name |
1942- |
| 856 42 - ELECTRONIC LOCATION AND ACCESS |
| Materials specified |
Publisher description |
| Uniform Resource Identifier |
<a href="http://www.loc.gov/catdir/enhancements/fy0653/2006280337-d.html">http://www.loc.gov/catdir/enhancements/fy0653/2006280337-d.html</a> |
| 856 42 - ELECTRONIC LOCATION AND ACCESS |
| Materials specified |
Table of contents only |
| Uniform Resource Identifier |
<a href="http://www.loc.gov/catdir/enhancements/fy0653/2006280337-t.html">http://www.loc.gov/catdir/enhancements/fy0653/2006280337-t.html</a> |
| 942 ## - ADDED ENTRY ELEMENTS (KOHA) |
| Koha item type |
Reference |